[Event "First Saturday 2012 aprilis GM"]
[Site "Budapest"]
[Date "2012.04.07"]
[Round "1"]
[White "Varga, Zoltan"]
[Black "Fodor, Tamas"]
[Result "1/2-1/2"]
[WhiteElo "2440"]
[BlackElo "2482"]
[PlyCount "37"]
[EventDate "2012.04.07"]

1. d4 Nf6 2. c4 g6 3. Nc3 d5 4. Bf4 Bg7 5. e3 c6 6. Rc1 O-O 7. Nf3 Bg4 8. h3
Bxf3 9. Qxf3 Qa5 10. Bd3 dxc4 11. Bxc4 Nbd7 12. O-O e5 13. dxe5 Nxe5 14. Bxe5
Qxe5 15. Rfd1 Rad8 16. b4 Rxd1+ 17. Qxd1 Qe7 18. b5 Rd8 19. Qb3 1/2-1/2

[Event "First Saturday 2012 aprilis GM"]
[Site "Budapest"]
[Date "2012.04.07"]
[Round "1"]
[White "Cebalo, Miso"]
[Black "Rodriguez, Lopez R"]
[Result "1/2-1/2"]
[WhiteElo "2442"]
[BlackElo "2266"]
[PlyCount "79"]
[EventDate "2012.04.07"]

1. c4 Nf6 2. g3 g6 3. Bg2 d5 4. cxd5 Nxd5 5. Nc3 Nxc3 6. bxc3 Bg7 7. Nf3 O-O 8.
O-O Nd7 9. Qc2 Nb6 10. Ng5 Rb8 11. d3 Bd7 12. Ne4 Ba4 13. Qb2 Bc6 14. Qa3 h6
15. Rb1 Nd7 16. c4 e5 17. Nc3 Bxg2 18. Kxg2 b6 19. Be3 f5 20. f3 Re8 21. c5 Bf8
22. Qb3+ Kg7 23. cxb6 axb6 24. d4 c5 25. dxe5 Nxe5 26. Rfd1 Qf6 27. Bf4 g5 28.
Bxe5 Qxe5 29. Rd5 Qf6 30. Rbd1 Re3 31. R5d2 Kg6 32. Qg8+ Kh5 33. Nd5 Qe6 34.
Qxe6 Rxe6 35. Kf1 Kg6 36. Nc7 Rc6 37. Nb5 c4 38. Rc1 Ra8 39. Nd4 Rcc8 40. Nb5
1/2-1/2

[Event "First Saturday 2012 aprilis GM"]
[Site "Budapest"]
[Date "2012.04.08"]
[Round "2"]
[White "Bach, Matthias"]
[Black "Flumbort, Andras dr"]
[Result "0-1"]
[WhiteElo "2315"]
[BlackElo "2530"]
[PlyCount "82"]
[EventDate "2012.04.07"]

1. e4 c5 2. a3 g6 3. c4 Bg7 4. h4 h5 5. Nc3 Nc6 6. Nh3 d6 7. Be2 Nf6 8. f3 Nd4
9. d3 a6 10. Rb1 b5 11. b4 Nd7 12. Nd5 e6 13. Ne3 Qxh4+ 14. Nf2 Qe7 15. Nc2 Rb8
16. Be3 e5 17. Bd2 Nf8 18. Ne3 Nfe6 19. Nd5 Qd8 20. Bf1 Bd7 21. Qc1 bxc4 22.
dxc4 O-O 23. Bd3 Ba4 24. Be3 Bc6 25. Nh3 cxb4 26. axb4 a5 27. Kf2 axb4 28. Nxb4
Ba8 29. Na6 Rc8 30. Qa3 Qh4+ 31. Kg1 Nxf3+ 32. gxf3 Qg3+ 33. Kf1 Qxf3+ 34. Nf2
Qxe3 35. Rh3 Qa7 36. Ra1 Nf4 37. Rf3 Nxd3 38. Rxd3 f5 39. Rxd6 fxe4 40. c5 Qf7
41. Qg3 h4 0-1

[Event "First Saturday 2012 aprilis GM"]
[Site "Budapest"]
[Date "2012.04.08"]
[Round "2"]
[White "Szabo, Bence"]
[Black "Cebalo, Miso"]
[Result "1/2-1/2"]
[WhiteElo "2317"]
[BlackElo "2442"]
[PlyCount "63"]
[EventDate "2012.04.07"]

1. Nf3 c5 2. c4 Nc6 3. d4 cxd4 4. Nxd4 Nf6 5. Nc3 g6 6. e4 d6 7. Be2 Nxd4 8.
Qxd4 Bg7 9. Be3 O-O 10. Qd2 a5 11. O-O a4 12. Rad1 Qa5 13. f4 Bg4 14. h3 Bxe2
15. Qxe2 a3 16. Bd4 e5 17. fxe5 dxe5 18. b4 Qxb4 19. Bxe5 Nh5 20. Bxg7 Kxg7 21.
Nd5 Qc5+ 22. Kh2 Rae8 23. Rde1 f5 24. e5 f4 25. e6 Rf5 26. Rf3 b5 27. Qd2 bxc4
28. Nxf4 Nxf4 29. Rxf4 c3 30. Qd7+ Re7 31. Rxf5 gxf5 32. Qd3 1/2-1/2

[Event "First Saturday 2012 aprilis GM"]
[Site "Budapest"]
[Date "2012.04.08"]
[Round "2"]
[White "Varga, Zoltan"]
[Black "Simonian, Hrair"]
[Result "1/2-1/2"]
[WhiteElo "2440"]
[BlackElo "2469"]
[PlyCount "21"]
[EventDate "2012.04.07"]

1. e4 c5 2. Nf3 e6 3. Nc3 a6 4. g3 b5 5. d4 cxd4 6. Nxd4 Bb7 7. Bg2 Nf6 8. a3
d6 9. O-O Nbd7 10. Re1 Qc7 11. a4 1/2-1/2

[Event "First Saturday 2012 aprilis GM"]
[Site "Budapest"]
[Date "2012.04.09"]
[Round "3"]
[White "Simonian, Hrair"]
[Black "Fodor, Tamas"]
[Result "1/2-1/2"]
[WhiteElo "2469"]
[BlackElo "2482"]
[PlyCount "26"]
[EventDate "2012.04.07"]

1. e4 e5 2. Nf3 Nc6 3. Bb5 Nf6 4. O-O Nxe4 5. Re1 Nd6 6. Nxe5 Be7 7. Bf1 Nxe5
8. Rxe5 O-O 9. d4 Bf6 10. Re1 Re8 11. c3 Rxe1 12. Qxe1 Qe8 13. Qxe8+ Nxe8
1/2-1/2

[Event "First Saturday 2012 aprilis GM"]
[Site "Budapest"]
[Date "2012.04.09"]
[Round "3"]
[White "Rajlich, Iweta"]
[Black "Szabo, Bence"]
[Result "1-0"]
[WhiteElo "2422"]
[BlackElo "2317"]
[PlyCount "51"]
[EventDate "2012.04.07"]

1. d4 Nf6 2. Nf3 b6 3. e3 e6 4. b3 Bb7 5. Bb2 d5 6. Ne5 Nbd7 7. Bb5 a6 8. Nxd7
axb5 9. Nxf8 Kxf8 10. O-O Qd6 11. f3 Ke7 12. Nd2 Rhd8 13. e4 dxe4 14. fxe4 Nxe4
15. Nxe4 Bxe4 16. Qg4 Bf5 17. Qxg7 Rg8 18. Qh6 Qd5 19. Rf2 Rg4 20. c4 bxc4 21.
bxc4 Qe4 22. Qd2 Rag8 23. d5 Rd8 24. Re1 Qxc4 25. Rxf5 Qc5+ 26. Kh1 1-0

[Event "First Saturday 2012 aprilis GM"]
[Site "Budapest"]
[Date "2012.04.09"]
[Round "3"]
[White "Flumbort, Andras dr"]
[Black "Rodriguez, Lopez R"]
[Result "0-1"]
[WhiteElo "2530"]
[BlackElo "2266"]
[PlyCount "76"]
[EventDate "2012.04.07"]

1. d4 Nf6 2. c4 g6 3. Nc3 d5 4. Nf3 Bg7 5. cxd5 Nxd5 6. e4 Nxc3 7. bxc3 c5 8.
Rb1 O-O 9. Be2 b6 10. O-O Bb7 11. d5 Bxc3 12. Bc4 Bg7 13. Qe2 Qc8 14. Bg5 Re8
15. e5 Ba6 16. Rfe1 Bxc4 17. Qxc4 e6 18. d6 Nd7 19. Qh4 h5 20. Qf4 Qc6 21. Rbd1
c4 22. Be7 b5 23. Ng5 Rf8 24. Bxf8 Rxf8 25. Nf3 Qc5 26. h4 c3 27. Rc1 b4 28. g4
hxg4 29. Qxg4 Nxe5 30. Nxe5 Bxe5 31. h5 Kg7 32. hxg6 fxg6 33. Rc2 Qxd6 34. Rce2
Rf5 35. Re4 Qd2 36. Rxe5 Qxf2+ 37. Kh1 Rf4 38. R5e2 Qxe1+ 0-1

[Event "First Saturday 2012 aprilis GM"]
[Site "Budapest"]
[Date "2012.04.09"]
[Round "3"]
[White "Estrada, Nieto Julian"]
[Black "Bach, Matthias"]
[Result "1-0"]
[WhiteElo "2306"]
[BlackElo "2315"]
[PlyCount "61"]
[EventDate "2012.04.07"]

1. e4 c5 2. Nf3 a6 3. c4 d6 4. d4 Nd7 5. Nc3 Ngf6 6. d5 g6 7. Be2 Bg7 8. O-O
O-O 9. h3 b5 10. cxb5 axb5 11. Bxb5 Qb6 12. Re1 Ba6 13. Bxa6 Rxa6 14. e5 Ne8
15. e6 fxe6 16. Rxe6 Ne5 17. Nxe5 Bxe5 18. Rxe7 Ng7 19. g4 Bd4 20. Ne4 Ra7 21.
Rxa7 Qxa7 22. Be3 Bxb2 23. Rb1 Bd4 24. Bxd4 cxd4 25. a4 Rf4 26. Qd3 Ne8 27. Rb4
Qf7 28. Qxd4 h5 29. g5 Qf5 30. Nf6+ Nxf6 31. Qxf4 1-0

[Event "First Saturday 2012 aprilis GM"]
[Site "Budapest"]
[Date "2012.04.10"]
[Round "4"]
[White "Fodor, Tamas"]
[Black "Bach, Matthias"]
[Result "1/2-1/2"]
[WhiteElo "2482"]
[BlackElo "2315"]
[PlyCount "145"]
[EventDate "2012.04.07"]

1. d4 Nf6 2. c4 g6 3. Nc3 Bg7 4. e4 O-O 5. Nf3 c5 6. Be2 cxd4 7. Nxd4 Nc6 8.
Nc2 b6 9. O-O Bb7 10. Be3 Rc8 11. f3 Na5 12. Na3 Ba6 13. b3 Ng4 14. Bd4 e5 15.
fxg4 exd4 16. Nd5 Bb7 17. Bd3 Bxd5 18. exd5 Nb7 19. Qf3 Qg5 20. Rae1 Nc5 21.
Nb5 Be5 22. h4 Qf4 23. Qxf4 Bxf4 24. Bb1 Be3+ 25. Kh1 a6 26. Nd6 Rb8 27. Rf3
Nb7 28. Ne4 f5 29. gxf5 gxf5 30. Ng3 f4 31. Ne2 Nc5 32. Rd1 Rbe8 33. Kh2 Ne4
34. Bxe4 Rxe4 35. Nc1 Bxc1 36. Rxc1 Re2 37. a4 d3 38. Rxd3 f3 39. Rf1 f2 40. g3
Rb2 41. Kg2 a5 42. Re3 Rf7 43. Re8+ Kg7 44. Re3 Kg8 45. d6 Kg7 46. h5 h6 47. g4
Kf8 48. Rc3 Rf4 49. Kg3 Rf6 50. Re3 Rf7 51. Kg2 Rf4 52. Rg3 Kg7 53. Kh2 Kf6 54.
Rd3 Rxg4 55. Rf3+ Ke5 56. R1xf2 Rxf2+ 57. Rxf2 Rh4+ 58. Kg3 Rxh5 59. Rd2 Ke6
60. Kg4 Rc5 61. Rd1 h5+ 62. Kh4 Rf5 63. Rd3 Re5 64. Kg3 Re4 65. Kf3 Rh4 66. Kg3
Rg4+ 67. Kh3 Re4 68. Kg2 h4 69. Kh3 Kf5 70. Rd5+ Re5 71. Rd3 Re4 72. Rd5+ Re5
73. Rd3 1/2-1/2

[Event "First Saturday 2012 aprilis GM"]
[Site "Budapest"]
[Date "2012.04.10"]
[Round "4"]
[White "Rodriguez, Lopez R"]
[Black "Estrada, Nieto Julian"]
[Result "0-1"]
[WhiteElo "2266"]
[BlackElo "2306"]
[PlyCount "54"]
[EventDate "2012.04.07"]

1. e4 e5 2. Nf3 Nc6 3. Bb5 Nge7 4. O-O g6 5. c3 Bg7 6. d4 exd4 7. cxd4 d5 8.
exd5 Nxd5 9. Re1+ Be6 10. Bg5 Qb8 11. Qc1 O-O 12. Bh6 Nxd4 13. Nxd4 Bxd4 14.
Bxf8 Qxf8 15. Bf1 Qg7 16. Re2 c6 17. Rd2 Be5 18. g3 Rc8 19. Bg2 h5 20. a4 h4
21. Ra3 hxg3 22. hxg3 Qh6 23. a5 Kg7 24. Ra4 Bf6 25. Rc2 Bg5 26. f4 Bf6 27.
Bxd5 Bxd5 0-1

[Event "First Saturday 2012 aprilis GM"]
[Site "Budapest"]
[Date "2012.04.10"]
[Round "4"]
[White "Szabo, Bence"]
[Black "Flumbort, Andras dr"]
[Result "1/2-1/2"]
[WhiteElo "2317"]
[BlackElo "2530"]
[PlyCount "67"]
[EventDate "2012.04.07"]

1. d4 Nf6 2. c4 c5 3. d5 e6 4. Nc3 exd5 5. cxd5 d6 6. Nf3 g6 7. Nd2 Bg7 8. e4
O-O 9. Be2 Na6 10. O-O Nc7 11. a4 Nfe8 12. Nc4 f5 13. exf5 Rxf5 14. Bg4 Rf7 15.
Bxc8 Rxc8 16. Ra3 Qh4 17. Qd3 Rf5 18. Ne3 Rf7 19. Nc4 Rd8 20. Ne4 Rf5 21. Ne3
Rh5 22. h3 Nf6 23. g4 Nxe4 24. gxh5 Bd4 25. Ng4 Nf6 26. hxg6 Nxg4 27. hxg4
Qxg4+ 28. Qg3 Qxg6 29. Qxg6+ hxg6 30. Be3 Bxe3 31. fxe3 Nxd5 32. e4 Nb4 33.
Raf3 Rd7 34. Rf6 1/2-1/2

[Event "First Saturday 2012 aprilis GM"]
[Site "Budapest"]
[Date "2012.04.10"]
[Round "4"]
[White "Varga, Zoltan"]
[Black "Rajlich, Iweta"]
[Result "1/2-1/2"]
[WhiteElo "2440"]
[BlackElo "2422"]
[PlyCount "71"]
[EventDate "2012.04.07"]

1. c4 g6 2. Nc3 Bg7 3. d4 c5 4. d5 Bxc3+ 5. bxc3 f5 6. e4 fxe4 7. Qc2 Nf6 8. f3
exf3 9. Nxf3 d6 10. Bd3 Nbd7 11. Bxg6+ hxg6 12. Qxg6+ Kf8 13. Bh6+ Rxh6 14.
Qxh6+ Kg8 15. Qg6+ Kh8 16. Ng5 Ne5 17. Qh6+ Kg8 18. O-O Qe8 19. Rxf6 exf6 20.
Qh7+ Kf8 21. Rf1 Qg6 22. Qxg6 Nxg6 23. Rxf6+ Kg7 24. Rf7+ Kg8 25. Rc7 Ne5 26.
Ne4 Nf7 27. g4 Kf8 28. h3 b6 29. Nf6 Ba6 30. h4 Bxc4 31. g5 Bd3 32. Kf2 Kg7 33.
Nh5+ Kg8 34. Nf6+ Kg7 35. Nh5+ Kg8 36. Nf6+ 1/2-1/2

[Event "First Saturday 2012 aprilis GM"]
[Site "Budapest"]
[Date "2012.04.10"]
[Round "4"]
[White "Simonian, Hrair"]
[Black "Cebalo, Miso"]
[Result "1/2-1/2"]
[WhiteElo "2469"]
[BlackElo "2442"]
[PlyCount "59"]
[EventDate "2012.04.07"]

1. e4 c5 2. Nc3 g6 3. d4 cxd4 4. Qxd4 Nf6 5. Nf3 Nc6 6. Qa4 d6 7. e5 dxe5 8.
Nxe5 Bd7 9. Nxd7 Nxd7 10. Bb5 Bg7 11. Be3 O-O 12. Rd1 Qc8 13. Nd5 Re8 14. c3 e6
15. Nb4 Nde5 16. Nxc6 Nxc6 17. O-O a6 18. Be2 Qc7 19. Qh4 Rac8 20. Rd2 Ne7 21.
Rfd1 Nf5 22. Qe4 Nxe3 23. Qxe3 Red8 24. Qa7 Rxd2 25. Rxd2 Bf8 26. Bf3 Rb8 27.
Qd4 b6 28. g3 a5 29. Kg2 Bh6 30. Qd6 1/2-1/2

[Event "First Saturday 2012 aprilis GM"]
[Site "Budapest"]
[Date "2012.04.11"]
[Round "5"]
[White "Cebalo, Miso"]
[Black "Fodor, Tamas"]
[Result "1/2-1/2"]
[WhiteElo "2442"]
[BlackElo "2482"]
[PlyCount "54"]
[EventDate "2012.04.07"]

1. c4 e6 2. g3 d5 3. Bg2 Nf6 4. Nf3 dxc4 5. Na3 c5 6. Nxc4 Nc6 7. b3 Be7 8. Bb2
O-O 9. O-O Nd5 10. Rc1 b6 11. d4 Bb7 12. dxc5 Bxc5 13. Qc2 Qe7 14. Rfd1 a5 15.
Qb1 Rfd8 16. h3 a4 17. e4 Nc7 18. Rxd8+ Qxd8 19. Nfe5 axb3 20. axb3 Nxe5 21.
Bxe5 Na6 22. Rd1 Qe7 23. Bd6 Bxd6 24. Nxd6 Rb8 25. Qd3 Nc5 26. Qb5 Ba6 27. Qb4
Qf6 1/2-1/2

[Event "First Saturday 2012 aprilis GM"]
[Site "Budapest"]
[Date "2012.04.11"]
[Round "5"]
[White "Flumbort, Andras dr"]
[Black "Varga, Zoltan"]
[Result "1/2-1/2"]
[WhiteElo "2530"]
[BlackElo "2440"]
[PlyCount "29"]
[EventDate "2012.04.07"]

1. d4 d5 2. c4 c6 3. cxd5 cxd5 4. Nc3 Nf6 5. Nf3 Nc6 6. Bf4 Nh5 7. Bg5 h6 8.
Bh4 g5 9. Bg3 Nxg3 10. hxg3 e6 11. e3 Bd7 12. Bd3 Rc8 13. Rc1 Bg7 14. a3 a6 15.
g4 1/2-1/2

[Event "First Saturday 2012 aprilis GM"]
[Site "Budapest"]
[Date "2012.04.11"]
[Round "5"]
[White "Estrada, Nieto Julian"]
[Black "Szabo, Bence"]
[Result "0-1"]
[WhiteElo "2306"]
[BlackElo "2317"]
[PlyCount "80"]
[EventDate "2012.04.07"]

1. e4 c5 2. c3 d5 3. exd5 Qxd5 4. d4 Nf6 5. Nf3 e6 6. Bd3 Be7 7. O-O O-O 8. Be3
Rd8 9. Qe2 Nc6 10. Rd1 b6 11. c4 Qh5 12. dxc5 bxc5 13. a3 Bb7 14. Nc3 Nd4 15.
Nxd4 cxd4 16. Qxh5 Nxh5 17. Bxd4 Rxd4 18. Bxh7+ Kxh7 19. Rxd4 Bc6 20. g3 a5 21.
Re1 Nf6 22. Nd5 Nxd5 23. cxd5 Bf6 24. dxc6 Bxd4 25. b4 axb4 26. axb4 Kg6 27. b5
Bb6 28. Rc1 Ra7 29. Rc4 Kf6 30. Rh4 Ke7 31. Rh8 Kd6 32. Rb8 Kc5 33. Rg8 g6 34.
h4 Kxb5 35. Kg2 Ra2 36. c7 Rxf2+ 37. Kh3 Bxc7 38. Rf8 Bd6 39. Rd8 Kc6 40. Rc8+
Kd7 0-1

[Event "First Saturday 2012 aprilis GM"]
[Site "Budapest"]
[Date "2012.04.11"]
[Round "5"]
[White "Bach, Matthias"]
[Black "Rodriguez, Lopez R"]
[Result "0-1"]
[WhiteElo "2315"]
[BlackElo "2266"]
[PlyCount "115"]
[EventDate "2012.04.07"]

1. b4 Nf6 2. Bb2 g6 3. e3 Bg7 4. Be2 O-O 5. h4 d6 6. c4 h5 7. d3 e5 8. Nd2 Re8
9. Ne4 Nbd7 10. Nf3 Qe7 11. Qd2 c6 12. a4 d5 13. cxd5 cxd5 14. Neg5 e4 15. Nd4
Ne5 16. b5 Bg4 17. Ba3 Qd8 18. f3 exd3 19. Bxd3 Bd7 20. O-O Rc8 21. Rac1 Nc4
22. Bxc4 dxc4 23. Rfd1 Qc7 24. e4 c3 25. Qe2 Qc4 26. Qxc4 Rxc4 27. Ne2 c2 28.
Rd2 Rxa4 29. Bd6 Rc4 30. Rdxc2 Rxc2 31. Rxc2 Bxb5 32. Nd4 Bd3 33. Rc3 Nxe4 34.
Rxd3 Nxd6 35. Nb3 Bf8 36. Nc5 Rc8 37. Nd7 Be7 38. Ne5 Rc7 39. g4 Rc5 40. Nd7
Rc7 41. Ne5 hxg4 42. fxg4 f6 43. Nxg6 fxg5 44. Nxe7+ Rxe7 45. Rxd6 gxh4 46. Kg2
Kg7 47. Kh3 b5 48. Kxh4 b4 49. Kg5 b3 50. Rg6+ Kf7 51. Rf6+ Ke8 52. Rh6 Rb7 53.
Rh8+ Kd7 54. Rh1 b2 55. Rb1 a5 56. Kf6 a4 57. g5 a3 58. g6 0-1

[Event "First Saturday 2012 aprilis GM"]
[Site "Budapest"]
[Date "2012.04.12"]
[Round "6"]
[White "Fodor, Tamas"]
[Black "Rodriguez, Lopez R"]
[Result "1-0"]
[WhiteElo "2482"]
[BlackElo "2266"]
[PlyCount "49"]
[EventDate "2012.04.07"]

1. d4 Nf6 2. c4 g6 3. Nc3 d5 4. Bg5 Ne4 5. Bh4 Nxc3 6. bxc3 dxc4 7. e3 Be6 8.
Rb1 Bg7 9. Nf3 Nd7 10. Ng5 Bd5 11. e4 h6 12. exd5 hxg5 13. Bxg5 Nb6 14. Qf3 Rh5
15. h4 Bf6 16. g4 Rh7 17. Bd2 Rxh4 18. Rxh4 Bxh4 19. g5 Qxd5 20. Qxd5 Nxd5 21.
Rxb7 Kd7 22. Bxc4 Nb6 23. Bb5+ Kd8 24. Bc6 Nd7 25. Rb5 1-0

[Event "First Saturday 2012 aprilis GM"]
[Site "Budapest"]
[Date "2012.04.12"]
[Round "6"]
[White "Szabo, Bence"]
[Black "Bach, Matthias"]
[Result "1-0"]
[WhiteElo "2317"]
[BlackElo "2315"]
[PlyCount "67"]
[EventDate "2012.04.07"]

1. Nf3 d6 2. d4 Nd7 3. e4 e5 4. Bc4 Be7 5. c3 Nh6 6. Bxh6 gxh6 7. Nbd2 Bf6 8.
Nf1 Qe7 9. Ne3 exd4 10. cxd4 Nb6 11. Bd3 h5 12. a4 a5 13. O-O O-O 14. Re1 Bg7
15. e5 f5 16. exd6 Qxd6 17. Ne5 Qh6 18. Qc2 Bxe5 19. dxe5 f4 20. Nf1 Be6 21.
Nd2 Nd5 22. Bc4 c6 23. Ne4 Bf5 24. Qb3 Kh8 25. Nd6 Be6 26. Qxb7 f3 27. Qxc6 Qg6
28. g3 Nb4 29. Qe4 Bxc4 30. Qxc4 Nc2 31. e6 Nxe1 32. Rxe1 Ra7 33. Nf7+ Kg7 34.
Qd4+ 1-0

[Event "First Saturday 2012 aprilis GM"]
[Site "Budapest"]
[Date "2012.04.12"]
[Round "6"]
[White "Varga, Zoltan"]
[Black "Estrada, Nieto Julian"]
[Result "1/2-1/2"]
[WhiteElo "2440"]
[BlackElo "2306"]
[PlyCount "22"]
[EventDate "2012.04.07"]

1. c4 e5 2. Nc3 Nf6 3. Nf3 Nc6 4. e3 Bb4 5. Qc2 Bxc3 6. Qxc3 Qe7 7. a3 d5 8.
cxd5 Nxd5 9. Qc2 O-O 10. d3 Bg4 11. Be2 Rad8 1/2-1/2

[Event "First Saturday 2012 aprilis GM"]
[Site "Budapest"]
[Date "2012.04.12"]
[Round "6"]
[White "Cebalo, Miso"]
[Black "Rajlich, Iweta"]
[Result "1/2-1/2"]
[WhiteElo "2442"]
[BlackElo "2422"]
[PlyCount "54"]
[EventDate "2012.04.07"]

1. c4 b6 2. Nc3 Bb7 3. e4 e6 4. Nge2 Nf6 5. d3 Nc6 6. g3 d5 7. exd5 exd5 8. Bg2
dxc4 9. Qa4 Qd7 10. dxc4 Na5 11. Qxd7+ Kxd7 12. Bxb7 Nxb7 13. O-O Bd6 14. Bf4
Rhe8 15. Rfd1 Ne4 16. Rac1 a5 17. Nb5 g5 18. Bxd6 Nbxd6 19. f3 Nc5 20. Kf2 Re6
21. Rc2 Rh6 22. Kg2 c6 23. Nxd6 Rxd6 24. Rxd6+ Kxd6 25. Kf2 f5 26. b3 Rf8 27.
Nc3 Nd7 1/2-1/2

[Event "First Saturday 2012 aprilis GM"]
[Site "Budapest"]
[Date "2012.04.13"]
[Round "7"]
[White "Flumbort, Andras dr"]
[Black "Cebalo, Miso"]
[Result "1/2-1/2"]
[WhiteElo "2530"]
[BlackElo "2442"]
[PlyCount "67"]
[EventDate "2012.04.07"]

1. d4 Nf6 2. c4 c5 3. d5 e6 4. Nc3 exd5 5. cxd5 d6 6. e4 g6 7. h3 Bg7 8. Nf3 a6
9. a4 Nbd7 10. Bd3 Nh5 11. O-O Ne5 12. Be2 Nxf3+ 13. Bxf3 Qh4 14. a5 Be5 15.
Re1 O-O 16. Bh6 Re8 17. Bxh5 gxh5 18. Qf3 Kh8 19. Ne2 Rg8 20. Ra3 Bg4 21. Qxf7
Bxe2 22. Rxe2 Rg6 23. g3 Qxh3 24. Bf4 Bd4 25. Qf5 Qxf5 26. exf5 Rf6 27. Rb3
Rxf5 28. Rxb7 Rxd5 29. Ree7 Kg8 30. Rxh7 Rb8 31. Rxb8+ Kxh7 32. Rb6 c4 33. Rxa6
Bxb2 34. Rxd6 1/2-1/2

[Event "First Saturday 2012 aprilis GM"]
[Site "Budapest"]
[Date "2012.04.13"]
[Round "7"]
[White "Estrada, Nieto Julian"]
[Black "Simonian, Hrair"]
[Result "0-1"]
[WhiteElo "2306"]
[BlackElo "2469"]
[PlyCount "134"]
[EventDate "2012.04.07"]

1. e4 c6 2. d4 d5 3. Nd2 dxe4 4. Nxe4 Bf5 5. Ng3 Bg6 6. Nf3 Nd7 7. h4 h6 8. h5
Bh7 9. Bd3 Bxd3 10. Qxd3 e6 11. Bd2 Ngf6 12. O-O-O Be7 13. Ne4 Nxe4 14. Qxe4
Nf6 15. Qe2 Qd5 16. c4 Qe4 17. Qxe4 Nxe4 18. Be3 O-O 19. Ne5 Rfd8 20. g4 Rac8
21. f3 Nd6 22. Kb1 f6 23. Ng6 Kf7 24. b3 b5 25. d5 exd5 26. cxd5 c5 27. Rhe1
Rd7 28. Bf4 Bf8 29. Re6 Rcd8 30. Rc1 Nb7 31. Rce1 c4 32. Nxf8 Kxf8 33. bxc4
bxc4 34. Rc6 Na5 35. Ra6 Rb7+ 36. Kc2 Rxd5 37. Bd2 Nb3 38. axb3 cxb3+ 39. Kc3
Rc7+ 40. Kxb3 Rd3+ 41. Kb4 Rxd2 42. Re3 Rb2+ 43. Ka3 Rbc2 44. Kb3 Rc1 45. Kb2
R1c5 46. Ka2 Rc3 47. Rxc3 Rxc3 48. Rxa7 Rxf3 49. Ra8+ Kf7 50. Ra7+ Kg8 51. Ra8+
Kh7 52. Ra4 f5 53. gxf5 Rxf5 54. Rh4 Kg8 55. Kb2 Kf7 56. Kc2 Rd5 57. Rf4+ Ke6
58. Rg4 Kf6 59. Rf4+ Kg5 60. Rf7 Kxh5 61. Rxg7 Kh4 62. Rg8 h5 63. Kc3 Kh3 64.
Kc4 Rd1 65. Kc3 h4 66. Kc2 Rd7 67. Rh8 Rg7 0-1

[Event "First Saturday 2012 aprilis GM"]
[Site "Budapest"]
[Date "2012.04.13"]
[Round "7"]
[White "Bach, Matthias"]
[Black "Varga, Zoltan"]
[Result "0-1"]
[WhiteElo "2315"]
[BlackElo "2440"]
[PlyCount "42"]
[EventDate "2012.04.07"]

1. b4 d5 2. Bb2 Bg4 3. f4 Qd6 4. Be5 Qxb4 5. Nc3 Qc5 6. Qb1 Nc6 7. Qxb7 Rb8 8.
Qxc7 Rc8 9. Qb7 f6 10. e4 d4 11. Na4 Qxc2 12. Bb5 Kf7 13. Nf3 a6 14. Bxa6 Qxa4
15. f5 Bxf3 16. Qxc8 g5 17. gxf3 Nxe5 18. h4 d3 19. Bb7 Qd4 20. Rb1 Nxf3+ 21.
Kd1 Nh6 0-1

[Event "First Saturday 2012 aprilis GM"]
[Site "Budapest"]
[Date "2012.04.13"]
[Round "7"]
[White "Rodriguez, Lopez R"]
[Black "Szabo, Bence"]
[Result "1/2-1/2"]
[WhiteElo "2266"]
[BlackElo "2317"]
[PlyCount "67"]
[EventDate "2012.04.07"]

1. e4 c5 2. Nf3 d6 3. d4 cxd4 4. Nxd4 Nf6 5. Nc3 a6 6. Bc4 e6 7. Bb3 Nc6 8. O-O
Qc7 9. Kh1 Na5 10. f4 b5 11. a3 Nxb3 12. cxb3 Bb7 13. Qd3 Be7 14. f5 e5 15. Nc2
d5 16. Nxd5 Nxd5 17. exd5 Rd8 18. Ne3 f6 19. Bd2 Bc5 20. Rac1 Qd6 21. Bb4 Bxb4
22. axb4 Qxb4 23. Rc7 Rd7 24. Rxd7 Kxd7 25. Rd1 Rc8 26. h3 Rc5 27. Qe2 Qxb3 28.
Qg4 Qxe3 29. Qxg7+ Kc8 30. Qg8+ Kc7 31. d6+ Kb6 32. d7 Qxh3+ 33. Kg1 Qe3+ 34.
Kh1 1/2-1/2

[Event "First Saturday 2012 aprilis GM"]
[Site "Budapest"]
[Date "2012.04.14"]
[Round "8"]
[White "Fodor, Tamas"]
[Black "Szabo, Bence"]
[Result "1-0"]
[WhiteElo "2482"]
[BlackElo "2317"]
[PlyCount "153"]
[EventDate "2012.04.07"]

1. d4 Nf6 2. c4 e6 3. Nc3 Bb4 4. Qc2 d5 5. cxd5 exd5 6. Bf4 c6 7. e3 Nh5 8. Be5
Nd7 9. Be2 Nhf6 10. Bf4 Nf8 11. Nf3 Ng6 12. Bg3 Ne4 13. O-O Nxg3 14. hxg3 Bd6
15. Bd3 O-O 16. a3 a5 17. Na4 Re8 18. Rfb1 Bg4 19. Nh2 Bd7 20. Nc5 b6 21. Nxd7
Qxd7 22. a4 Red8 23. Rd1 Qb7 24. e4 Nf8 25. Rac1 Rac8 26. e5 Bb4 27. Qe2 Qe7
28. f4 c5 29. Qg4 Rc6 30. Nf3 Rh6 31. Kf2 Qd7 32. Bf5 Qxa4 33. Rh1 Qc6 34. e6
Rxe6 35. Qh4 Rde8 36. Bxh7+ Nxh7 37. Qxh7+ Kf8 38. Qh8+ Ke7 39. Qxg7 Rg6 40.
Qh7 Qf6 41. Rh5 Kd6 42. Ne5 Rg7 43. Qd3 c4 44. Qf3 Rd8 45. Rch1 Qe7 46. Rh6+ f6
47. Ng4 Rf7 48. Ne3 Qe4 49. Nxc4+ Ke6 50. Qxe4+ dxe4 51. Ke3 Rc7 52. f5+ Kxf5
53. Rf1+ Kg5 54. Rfxf6 Rg8 55. Ne5 Rc2 56. Nf7+ Kg4 57. Kxe4 Re2+ 58. Kd3 Rxb2
59. Rfg6+ Rxg6 60. Rxg6+ Kf5 61. Ne5 Be7 62. g4+ Kf4 63. Nc4 Rxg2 64. Nxb6 Ba3
65. Nd5+ Kf3 66. Ne3 Ra2 67. Nc4 Kf4 68. Nxa5 Rg2 69. Nc4 Rg3+ 70. Ke2 Be7 71.
Re6 Bb4 72. Ne3 Ba3 73. Kd2 Bb2 74. d5 Bd4 75. d6 Bxe3+ 76. Rxe3 Rxg4 77. d7
1-0

[Event "First Saturday 2012 aprilis GM"]
[Site "Budapest"]
[Date "2012.04.14"]
[Round "8"]
[White "Varga, Zoltan"]
[Black "Rodriguez, Lopez R"]
[Result "1/2-1/2"]
[WhiteElo "2440"]
[BlackElo "2266"]
[PlyCount "51"]
[EventDate "2012.04.07"]

1. c4 c5 2. Nf3 Nf6 3. d4 cxd4 4. Nxd4 Nc6 5. Nc3 Qb6 6. Nc2 e6 7. e3 Be7 8.
Be2 O-O 9. O-O a6 10. b3 Qc7 11. e4 d6 12. Be3 Ne5 13. Qd2 b6 14. f3 Rb8 15.
Rac1 Bb7 16. Rfd1 Rfe8 17. Bf1 Bf8 18. Ne1 Ned7 19. Nd3 Nc5 20. Bf2 Rbd8 21. b4
Ncd7 22. Na4 a5 23. bxa5 bxa5 24. Nc3 Qb8 25. Nb5 d5 26. exd5 1/2-1/2

[Event "First Saturday 2012 aprilis GM"]
[Site "Budapest"]
[Date "2012.04.14"]
[Round "8"]
[White "Simonian, Hrair"]
[Black "Bach, Matthias"]
[Result "1-0"]
[WhiteElo "2469"]
[BlackElo "2315"]
[PlyCount "41"]
[EventDate "2012.04.07"]

1. e4 c5 2. Nc3 a6 3. g3 e6 4. Bg2 Be7 5. Nge2 h5 6. d4 cxd4 7. Nxd4 h4 8. Be3
d6 9. Qe2 Nd7 10. f4 Ngf6 11. Bf2 Nh5 12. O-O-O g6 13. e5 dxe5 14. fxe5 Qa5 15.
Rhe1 Nc5 16. Kb1 Bd7 17. Ne4 O-O 18. Nxc5 Qxc5 19. Nf5 Bb5 20. Bxc5 Bxc5 21. c4
1-0

[Event "First Saturday 2012 aprilis GM"]
[Site "Budapest"]
[Date "2012.04.14"]
[Round "8"]
[White "Cebalo, Miso"]
[Black "Estrada, Nieto Julian"]
[Result "1-0"]
[WhiteElo "2442"]
[BlackElo "2306"]
[PlyCount "37"]
[EventDate "2012.04.07"]

1. c4 e5 2. g3 Nf6 3. Bg2 d5 4. cxd5 Nxd5 5. Nc3 Nb6 6. Nf3 Nc6 7. O-O Be7 8.
a3 O-O 9. b4 Be6 10. Rb1 f6 11. d3 Nd4 12. Nd2 c6 13. Nde4 Rf7 14. e3 Nb5 15.
Bb2 Qf8 16. Qc2 Rc8 17. Rbc1 f5 18. Nd2 Bf6 19. Nf3 {after 22 move} 1-0

[Event "First Saturday 2012 aprilis GM"]
[Site "Budapest"]
[Date "2012.04.15"]
[Round "9"]
[White "Bach, Matthias"]
[Black "Cebalo, Miso"]
[Result "1/2-1/2"]
[WhiteElo "2315"]
[BlackElo "2442"]
[PlyCount "58"]
[EventDate "2012.04.07"]

1. e4 c5 2. b4 cxb4 3. a3 e5 4. Bb2 Nc6 5. Bc4 Nf6 6. Nf3 bxa3 7. Nxa3 Bxa3 8.
Rxa3 d6 9. O-O O-O 10. Re1 Be6 11. Bf1 Rc8 12. h3 Qb6 13. Bc3 Nd4 14. Bxd4 exd4
15. Bd3 a6 16. Qa1 Qc5 17. Nxd4 Qg5 18. Re3 Qe5 19. c3 Rfe8 20. Qb2 Rc7 21. Bb1
Qc5 22. f4 Bc8 23. Kh2 b5 24. Rb3 Be6 25. Rb4 Bd7 26. Rg3 h6 27. Nb3 Qh5 28. f5
Kh8 29. d4 Bc6 {after 15 move} 1/2-1/2